01333cam a22003254a 45000010009000000050017000090080041000260100015000670200029000820200026001110400064001370820022002011000033002232450088002562600068003443000042004124900069004545000024005235040031005476500027005786500023006056500028006286500034006566530025006906550024007158300070007399420022008099990017008319520159008481669441620141210115617.0110316s2011 xxkdk frb 001 0 eng d a2011011751 a9780230298408 (hardback) a0230298400 (hardback) aDLCcDLCdYDXdBTCTAdYDXCPdUKMGBdBWXdCDXdDLCdEG-ScBUE00a336.3435222bCHO1 aChorafas, Dimitris N.93684910aSovereign debt crisis :bthe new normal and the newly poor /cDimitris N. Chorafas. aLondon ;aNew York, United States :bPalgrave Macmillan,c2011. axv, 275 p. :bcharts, forms ;c23 cm.1 aPalgrave Macmillan studies in banking and financial institutions aIndex : p. 269-275. aBibliography : p. 255-268. 0aDebts, External936850 0aDebt relief936852 0aFinancial crises928461 0aEconomic stabilization912472 bBUSADMcDecember2014 vreading book934232 0aPalgrave Macmillan studies in banking and financial institutions. 2ddck336.3435 CHO c18743d18715 00102ddc40708BaccahaMAINbMAINc1STd2014-12-10epurchaseg210.00h20677l1m16o336.3435 CHOp000037137r2025-07-15 00:00:00s2016-12-14v262.50yBB